[Event "VIE-ch U15"]
[Site "Hanoi"]
[Date "2022.06.16"]
[Round "8"]
[White "Pham, Anh Kien"]
[Black "Pham, Truong Phu"]
[Result "1-0"]
[WhiteElo "2318"]
[BlackElo "2306"]
[PlyCount "87"]
[EventDate "2022.06.11"]
[EventType "swiss"]
[EventRounds "9"]
[EventCountry "VIE"]
[SourceTitle "EXT 2023"]
[Source "ChessBase"]
[SourceDate "2022.10.05"]
[SourceVersion "1"]
[SourceVersionDate "2022.10.05"]
[SourceQuality "1"]

1. d4 Nf6 2. Nf3 g6 3. Nbd2 Bg7 4. e4 d6 5. Bd3 0-0 6. 0-0 Nbd7 7. c3 e5 8. Qb3 b6 9. Nc4 Bb7 10. Re1 h6 11. a4 a5 12. Qc2 exd4 13. Nxd4 Nc5 14. f3 d5 15. exd5 Nxd5 16. Bf1 Bxd4+ 17. cxd4 Nb4 18. Qc3 Ne6 19. Bxh6 Nd5 20. Qd2 Re8 21. Rad1 Qf6 22. Be3 Nxe3 23. Nxe3 Rad8 24. Ng4 Qg7 25. Bc4 Bd5 26. Qc3 Rd6 27. Bxd5 Rxd5 28. Ne3 Rd7 29. Qc6 Red8 30. d5 Nf4 31. g3 Nh3+ 32. Kg2 Ng5 33. Nc4 f5 34. h4 Nf7 35. Re6 Nd6 36. Ne5 Kh7 37. Nxd7 Rxd7 38. Rd2 Rf7 39. Qc3 Qf8 40. Rde2 f4 41. g4 Qd8 42. Re1 Qd7 43. Qc2 Rg7 44. h5 1-0

[Event "VIE-ch"]
[Site "Hanoi"]
[Date "2020.10.11"]
[Round "9"]
[White "Banh, Gia Huy"]
[Black "Pham, Anh Kien"]
[Result "1-0"]
[WhiteElo "1581"]
[BlackElo "1357"]
[PlyCount "109"]
[EventDate "2020.10.05"]
[EventType "swiss"]
[EventRounds "9"]
[EventCountry "VIE"]
[SourceTitle "EXT 2022"]
[Source "ChessBase"]
[SourceDate "2021.10.06"]
[SourceVersion "1"]
[SourceVersionDate "2021.10.06"]
[SourceQuality "1"]

1. e4 e6 2. d4 d5 3. Nc3 Nf6 4. Bg5 Be7 5. e5 Nfd7 6. Bxe7 Qxe7 7. f4 a6 8. Qh5 c5 9. Nf3 Nc6 10. 0-0-0 b5 11. dxc5 Bb7 12. Bd3 Nxc5 13. Ne2 Na4 14. f5 0-0-0 15. fxe6 fxe6 16. Qg4 h5 17. Qf4 Rhf8 18. Qd2 Qc7 19. Qe3 Qa5 20. Ned4 Nb4 21. Kb1 Nxa2 22. Nb3 N2c3+ 23. bxc3 Nxc3+ 24. Kb2 d4 25. Nxa5 Nxd1+ 26. Rxd1 dxe3 27. Nxb7 Kxb7 28. Re1 Rf4 29. Rxe3 Rg4 30. g3 a5 31. Bxb5 Rb4+ 32. Rb3 Kb6 33. Rxb4 axb4 34. Bc4 Re8 35. Ng5 Kc5 36. Kb3 Kd4 37. Nxe6+ Kxe5 38. Nxg7 Rh8 39. Ne6 Ke4 40. Nf4 Rh6 41. Bd3+ Ke3 42. Kxb4 h4 43. Ng2+ Kf2 44. Nxh4 Kg1 45. Nf3+ Kf2 46. Be4 Ke3 47. Bd5 Rh5 48. c4 Kd3 49. g4 Rh8 50. g5 Rb8+ 51. Kc5 Rc8+ 52. Kd6 Rd8+ 53. Ke7 Rc8 54. g6 Rc7+ 55. Kf6 1-0

[Event "VIE-ch"]
[Site "Hanoi"]
[Date "2020.10.06"]
[Round "3"]
[White "Ngo, Duc Tri"]
[Black "Pham, Anh Kien"]
[Result "0-1"]
[WhiteElo "2102"]
[BlackElo "1357"]
[PlyCount "102"]
[EventDate "2020.10.05"]
[EventType "swiss"]
[EventRounds "9"]
[EventCountry "VIE"]
[SourceTitle "EXT 2022"]
[Source "ChessBase"]
[SourceDate "2021.10.06"]
[SourceVersion "1"]
[SourceVersionDate "2021.10.06"]
[SourceQuality "1"]

1. e4 e6 2. d3 d5 3. Nd2 Nf6 4. Ngf3 c5 5. g3 b5 6. Bg2 Bb7 7. Qe2 Be7 8. 0-0 0-0 9. e5 Nfd7 10. Re1 Nc6 11. h4 Qc7 12. Nf1 a5 13. Bf4 c4 14. d4 b4 15. Qe3 a4 16. h5 Qb6 17. h6 g6 18. N1h2 b3 19. axb3 cxb3 20. Rac1 a3 21. cxb3 a2 22. Bg5 Bxg5 23. Qxg5 Qd8 24. Qe3 Nb4 25. Qd2 Qe7 26. Ra1 Rfc8 27. Rec1 Rxc1+ 28. Qxc1 Rc8 29. Qd1 Ba6 30. Ng4 Bd3 31. Rxa2 Bc2 32. Qa1 Nxa2 33. Qxa2 Bf5 34. Ne3 Qf8 35. Qa7 Rc1+ 36. Bf1 Qd8 37. Nxf5 exf5 38. Kg2 Nf8 39. b4 Qc7 40. Qa8 Rb1 41. Bd3 Rxb2 42. b5 Qc1 43. Qxd5 Qe3 44. Bc4 Rxf2+ 45. Kh3 Qxh6+ 46. Nh4 Ne6 47. Qa8+ Kg7 48. Bxe6 g5 49. Bxf5 gxh4 50. gxh4 Qe3+ 51. Kg4 Qf4+ 0-1

[Event "VIE-ch U13"]
[Site "Hanoi"]
[Date "2020.??.??"]
[Round "4"]
[White "Bach, The Vinh"]
[Black "Pham, Anh Kien"]
[Result "1/2-1/2"]
[WhiteElo "2319"]
[BlackElo "1357"]
[PlyCount "133"]
[EventDate "2020.10.22"]
[EventType "tourn"]
[EventRounds "9"]
[EventCountry "VIE"]
[SourceTitle "EXT 2022"]
[Source "ChessBase"]
[SourceDate "2021.10.06"]
[SourceVersion "1"]
[SourceVersionDate "2021.10.06"]
[SourceQuality "1"]

1. e4 e6 2. d4 d5 3. exd5 Qxd5 4. Nf3 Nf6 5. Be2 c5 6. Nc3 Qd8 7. 0-0 Nc6 8. Bb5 a6 9. Bxc6+ bxc6 10. dxc5 Bxc5 11. Qxd8+ Kxd8 12. Ne5 Ke8 13. Nxc6 Bd7 14. Ne5 Ke7 15. Nxd7 Kxd7 16. Na4 Ba7 17. c4 Kc6 18. Nc3 Bd4 19. Ne2 Rhd8 20. Nxd4+ Rxd4 21. b3 Rad8 22. Be3 Rd3 23. h3 Ne4 24. Rac1 f5 25. b4 g5 26. Rc2 Ng3 27. fxg3 Rxe3 28. Rb1 Rxg3 29. b5+ axb5 30. cxb5+ Kb6 31. Kf2 f4 32. Rbb2 Rd6 33. a4 Ra3 34. Rc4 e5 35. Re2 h5 36. Rxe5 h4 37. Rc6+ Rxc6 38. bxc6 Ra2+ 39. Kg1 Ra1+ 40. Kf2 Ra2+ 41. Kg1 Ra1+ 42. Kh2 Ra2 43. Rxg5 f3 44. Kg1 fxg2 45. Rxg2 Rxa4 46. Rc2 Kc7 47. Kg2 Rf4 48. Rc3 Rf6 49. Rc4 Rg6+ 50. Rg4 Rh6 51. Kf3 Kxc6 52. Kf4 Kd7 53. Kg5 Rh8 54. Re4 Rh7 55. Re5 Rh8 56. Ra5 Ke6 57. Ra6+ Kf7 58. Ra7+ Ke6 59. Rg7 Kd6 60. Rf7 Ke6 61. Rf4 Ke5 62. Ra4 Ke6 63. Kg6 Rg8+ 64. Kh7 Rg3 65. Rxh4 Kf6 66. Rf4+ Kg5 67. Rg4+ 1/2-1/2

[Event "VIE-chB"]
[Site "Ba Dinh"]
[Date "2018.12.02"]
[Round "7"]
[White "Pham, Anh Kien"]
[Black "Do, An Hoa1111"]
[Result "1-0"]
[WhiteElo "1329"]
[BlackElo "1565"]
[PlyCount "87"]
[EventDate "2018.11.28"]
[EventType "swiss"]
[EventRounds "9"]
[EventCountry "VIE"]
[SourceTitle "EXT 2021"]
[Source "ChessBase"]
[SourceDate "2020.10.23"]
[SourceVersion "1"]
[SourceVersionDate "2020.10.23"]
[SourceQuality "1"]

1. d4 Nf6 2. Nf3 d5 3. e3 Bf5 4. c4 e6 5. Qb3 Qc8 6. Nc3 c6 7. Bd2 Bd6 8. Rc1 Bc7 9. c5 Nbd7 10. h3 h6 11. Be2 0-0 12. 0-0 e5 13. Nh4 Bh7 14. f4 exd4 15. exd4 Ne4 16. Nxe4 Bxe4 17. Bd3 Nf6 18. Nf3 Rb8 19. Bxe4 Nxe4 20. Qd3 Qf5 21. Ne5 Bxe5 22. dxe5 Qe6 23. f5 Qxe5 24. Bf4 Qxb2 25. Bxb8 Rxb8 26. a4 Qb4 27. Qc2 Qd4+ 28. Kh2 Qe5+ 29. Kg1 Qd4+ 30. Kh2 Re8 31. Rce1 Kf8 32. Qb3 Nxc5 33. Rxe8+ Kxe8 34. Qg3 Kd7 35. Qb8 Qf6 36. Qxa7 Qe5+ 37. Kg1 d4 38. a5 d3 39. a6 Kc7 40. Rb1 Qe3+ 41. Kh2 Qf4+ 42. Kh1 Nxa6 43. Qxb7+ Kd6 44. Qxa6 1-0

[Event "VIE-chB"]
[Site "Ba Dinh"]
[Date "2018.11.28"]
[Round "1"]
[White "Pham, Anh Kien"]
[Black "Le, Minh Hoang"]
[Result "0-1"]
[WhiteElo "1329"]
[BlackElo "2271"]
[PlyCount "85"]
[EventDate "2018.11.28"]
[EventType "swiss"]
[EventRounds "9"]
[EventCountry "VIE"]
[SourceTitle "EXT 2021"]
[Source "ChessBase"]
[SourceDate "2020.10.23"]
[SourceVersion "1"]
[SourceVersionDate "2020.10.23"]
[SourceQuality "1"]

1. d4 d5 2. Nf3 Nf6 3. e3 Bf5 4. c4 c6 5. Nc3 e6 6. Qb3 Qc8 7. Bd2 Nbd7 8. Rc1 Be7 9. Be2 0-0 10. Nh4 Bg4 11. Bd3 Ne4 12. Nf3 Ndf6 13. cxd5 Nxd2 14. Nxd2 exd5 15. h3 Bh5 16. 0-0 Re8 17. e4 dxe4 18. Ndxe4 Nxe4 19. Nxe4 Qd7 20. Ng3 Bg6 21. Rfd1 Rad8 22. Bxg6 hxg6 23. Ne4 Bh4 24. Nc5 Qf5 25. Qc2 Re7 26. Qxf5 gxf5 27. Rc2 Bf6 28. Rcd2 Rd5 29. Na4 Red7 30. Nc5 Re7 31. Na4 Re8 32. Nc3 Rd6 33. d5 c5 34. Nb5 Rb6 35. Na3 Rxb2 36. Rxb2 Bxb2 37. Nc4 Bd4 38. Nd6 Re5 39. Nxb7 Rxd5 40. Kf1 Re5 41. Nd6 a6 42. f4 Rd5 43. Nb7 0-1